Pivo je tradiční, logistika moderní
Smíchovský Staropramen, je pivovar so stopäťdesiat ročnou históriou. Pivo tam vedia variť, ale svoj výrobok musia dostať k tým, ktorí ho vypijú. Varenie piva neoddeliteľne sprevádza logistika a tej v Staroprameni šéfuje od roku 2018 Milan Jeřábek.
Salvato in:
| Autore principale: | |
|---|---|
| Natura: | Capitolo di libro |
| Lingua: | ceco |
| Soggetti: | |
| Tags: |
Nessun Tag, puoi essere il primo ad aggiungerne!!
|
MARC
| LEADER | 00000naa a2200000 4500 | ||
|---|---|---|---|
| 001 | 0267489 | ||
| 005 | 20200821104504.9 | ||
| 041 | 0 | |a cze | |
| 044 | |a CZ | ||
| 245 | 1 | 0 | |a Pivo je tradiční, logistika moderní |c Pavel Toman |
| 520 | |a Smíchovský Staropramen, je pivovar so stopäťdesiat ročnou históriou. Pivo tam vedia variť, ale svoj výrobok musia dostať k tým, ktorí ho vypijú. Varenie piva neoddeliteľne sprevádza logistika a tej v Staroprameni šéfuje od roku 2018 Milan Jeřábek. | ||
| 610 | 2 | 0 | |a pivo |
| 610 | 2 | 0 | |a výroba |
| 610 | 2 | 0 | |a logistika |
| 610 | 2 | 0 | |a reťazce dodávateľsko-odberateľské |
| 610 | 2 | 0 | |a Česko |
| 100 | 1 | |a Toman, Pavel | |